| 000 | 00568ntaaa2200205 4500 | ||
|---|---|---|---|
| 003 | 01 | ||
| 005 | 20251027203216.0 | ||
| 008 | 0714s1973 ag 01 | ||
| 020 | _a9505248040 | ||
| 040 |
_aAR-BaBN _bspa _cAR-BaBN _eaacr _dRIC |
||
| 082 | _a226 D37r | ||
| 100 |
_aDelorme, Jean _92353 |
||
| 245 |
_aEl riesgo de la palabra : _bleer los evangelios / _cJean Delorme |
||
| 250 | _a1 ed. | ||
| 260 |
_aBuenos Aires : _bLidiun, _c1995 |
||
| 300 | _a213 p. | ||
| 500 | _aNotas al final del libro de pp.173-213.Siglas p. 170. | ||
| 650 |
_aEVANGELIOS _911989 |
||
| 942 | _cBK | ||
| 999 |
_c27531 _d27531 |
||